Statistiques concernant Mêmes mots dans les noms de pays n°2

Cliquez ici pour prendre le quiz!

Statistiques générales

  • Ce quiz a été pris 185 fois
    (169 depuis la dernière actualisation)
  • Le résultat moyen est 12 sur 31

Statistiques - réponses

HintRéponse% Correct
nouvelleNouvelle-Zélande
95%
Papouasie-Nouvelle-
Guinée
86%
auAustralie
84%
Autriche
70%
Thaïlande
50%
Portugal
49%
Corée du Nord
47%
Corée du Sud
43%
Émirats arabes unis
43%
centRépublique Centrafricaine
42%
Norvège
40%
Taïwan
40%
Jamaïque
39%
Haïti
38%
Mauritanie
37%
Timor oriental
36%
Saint-Vincent-et-les-
Grenadines
34%
Azerbaïdjan
33%
Comores
32%
Salvador
29%
Andorre
24%
Guinée-Bissau
24%
Jordanie
24%
Nauru
24%
Île Maurice
20%
ratRépublique démocratique
du Congo
19%
orBiélorussie
18%
Royaume-Uni
18%
Géorgie
14%
Macédoine du Nord
12%
Guinée équatoriale
10%

Distribution des résultats

Percentile par nombre de réponses

% des personnes avec chaque résultat

Votre développement - résultats

Vous n’avez pas pris ce quiz depuis la dernière actualisation